000 01897cam a22004817a 4500
001 000078631
003 CHAP
005 20241105180613.0
008 980703d1997 mx r 00110 spa d
010 _a75866
011 _a76838
020 _a9688844071
035 _a86429
040 _cCHAP
082 0 4 _a338.476641
_bG3
100 1 0 _aGarcía Chávez, Luis Ramiro
_945860
245 1 3 _aLa agroindustria azucarera de México frente a la apertura comercial /
_c/por Luis Ramiro García Chávez.
260 _aChapingo, Méx. :
_bUACH. Centro de Investigaciones Económicas, Sociales y Tecnológicas de la Agroindustria y la Agricultura Mundial,
_c1997.
300 _a209 p. :
_bgráfs. ; cuadros.
410 _aUACH. CIESTAAM
490 1 _aColección estructura y dinámica de los sistemas agroindustriales
590 _aBATCH-UPD
_b10
_c20130110
_lUCH01
_h0653
590 _aBATCH-UPD
_b10
_c20130410
_lUCH01
_h0338
590 _aBATCH-UPD
_b10
_c20130914
_lUCH01
_h0511
590 _aCONVERSION
_b10
_c20130109
_lUCH01
_h1341
590 _aE5995AHE
_b05
_c20150219
_lUCH01
_h1156
590 _aE6096MTM
_b05
_c20160726
_lUCH01
_h0929
650 1 4 _aAzúcar
_xMercadeo
_xMéxico.
_99165
650 1 4 _aCaña de azúcar
_xRendimiento.
_918643
650 1 4 _aEdulcorantes.
_935703
650 1 7 _aIndustria azucarera
_zMéxico
_2
_957791
650 1 4 _aIngenios azucareros
_xMéxico.
_958311
650 1 4 _aTratado Trilateral de Libre Comercio.
810 0 _aUACh. CIESTAAM
_9115844
830 0 _aColección estructura y dinámica de los sistemas agroindustriales
_924851
901 _aBK
905 _aLilia Sánchez G.
942 _cLIBRO
942 _n0
949 _a338.476641 G3
_bBC
_cLIBRO
_d33724000697645
_eLIBRO
_h92669
_i86429
_si
949 _a338.476641 G3
_bBC
_cLIBRO
_d33724000854774
_eLIBRO
_fc.3
_h101406
_i86429
_si
949 _a338.476641 G3
_bBC
_cUACH
_d864292
_eUACH
_fc.2
_h92670
_i86429
_sb
999 _c75866
_d75866